Stolice świata najbliżej Singapuru - 15-sekundowy sprint - Statystyki

Ogólne statystyki
  • Ten quiz został rozwiązany 30 razy
  • Średni wynik to 3 z 20
Statystyki odpowiedzi
km stolica % Poprawnych
902 Dżakarta
61%
309 Kuala Lumpur
35%
4465 Pekin
30%
1426 Bangkok
26%
4142 Nowe Delhi
22%
2391 Manila
17%
3380 Male
13%
1855 Wientian
13%
2652 Dili
9%
2198 Hanoi
9%
1142 Phnom Penh
9%
1296 Bandar Seri Begawan
4%
2881 Dhaka
4%
4813 Islamabad
0%
3530 Katmandu
0%
2720 Kolombo
0%
2210 Naypyidaw
0%
3481 Ngerulmud
0%
3250 Tajpej
0%
3274 Thimphu
0%
Nie znaleziono quizów pasujących do podanych kryteriów
Rozkład punktacji
Procent ludzi z każdym wynikiem
Percentyl według liczby udzielonych odpowiedzi
Twoja historia wyników
Nie rozwiązałeś tego quizu